Stacje metra w Warszawie - nagła śmierć - Statystyki

Ogólne statystyki
  • Ten quiz został rozwiązany 235 razy
  • Średni wynik to 9 z 20
Answers on the Grid
Answers color-coded by a green-red scale on the quiz's grid according to % correct below.
Politechnika
Centrum
Kabaty
Wilanowska
Służew
Dw. Gdański
Dw. Wileński
Plac Wilsona
Racławicka
Młociny
Bemowo
Księcia Janusza
Rondo ONZ
Świętokrzyska
Trocka
Bródno
Kondratowicza
Ursynów
Targówek Mieszkaniowy
Stare Bielany
Uniwersytet
Wiatraczna
Ratusz
Stara Ochota
Śródmieście
Służewiec
Dw. Centralny
Rakowiecka
Huta
Puławska
Targówek
Ursynów Płd.
Rondo Waszyngtona
 
Statystyki odpowiedzi
Odpowiedź % Poprawnych
Młociny
62%
Dw. Gdański
57%
Świętokrzyska
57%
Centrum
56%
Dw. Wileński
56%
Politechnika
56%
Rondo ONZ
55%
Kabaty
51%
Bródno
49%
Plac Wilsona
49%
Racławicka
43%
Wilanowska
43%
Trocka
42%
Służew
40%
Bemowo
39%
Księcia Janusza
39%
Kondratowicza
38%
Stare Bielany
37%
Targówek Mieszkaniowy
37%
Ursynów
32%
Nie znaleziono quizów pasujących do podanych kryteriów
Rozkład punktacji
Procent ludzi z każdym wynikiem
Percentyl według liczby udzielonych odpowiedzi
Twoja historia wyników
Nie rozwiązałeś tego quizu